States by One Terrible Sentence - Statistics

General Stats
  • This quiz has been taken 45 times
  • The average score is 7 of 10
Answer Stats
Hint Answer % Correct
You have gambling in a tiny square, everywhere else is desert. Nevada
92%
They live in five boroughs, nowhere else. New York
92%
Everything here is bigger. Texas
92%
This state is associated with fried chicken. Kentucky
90%
The state sounds like "good morning" in Japanese. Ohio
69%
It has goofy county names, like Butts, Chatooga, Chattahoochee, and Dooly. Georgia
56%
Nobody lives here; its largest city shares a name with a tiny Russian village. Montana
56%
The Green Mountain Boys made this state. Vermont
51%
Kossuth County is single-handedly holding this state into fame. Iowa
38%
You have a big soda, then you have a what? Minnesota
36%
No matching quizzes found
Score Distribution
Percent of People with Each Score
Percentile by Number Answered
Your Score History
You have not taken this quiz